Monitoring the Future. National Survey Results on Drug Use, 1975-2010: Volume II, College Students and Adults Ages 19–50

Saved in:  
Bibliographic Details
Authors: Johnston, Lloyd D. (Author) ; Schulenberg, John E. -2023 (Author) ; Bachman, Jerald G. 1936- (Author) ; O'Malley, Patrick M. (Author)
Format: Electronic Book
Language:English
Published: [Erscheinungsort nicht ermittelbar] University of Michigan, Institute for Social Research 2011
In:Year: 2011
Online Access: Volltext (lizenzpflichtig)
Check availability: HBZ Gateway
Subito Delivery Service: Order now.

MARC

LEADER 00000cam a22000002c 4500
001 1912625261
003 DE-627
005 20250122055016.0
007 cr uuu---uuuuu
008 241217s2011 xx |||||o 00| ||eng c
035 |a (DE-627)1912625261 
035 |a (DE-599)KXP1912625261 
040 |a DE-627  |b ger  |c DE-627  |e rda 
041 |a eng 
084 |a 2,1  |2 ssgn 
100 1 |a Johnston, Lloyd D.  |e VerfasserIn  |0 (DE-588)1043949569  |0 (DE-627)771097123  |0 (DE-576)161602762  |4 aut 
109 |a Johnston, Lloyd D.  |a Johnston, Lloyd 
245 1 0 |a Monitoring the Future. National Survey Results on Drug Use, 1975-2010: Volume II, College Students and Adults Ages 19–50 
264 1 |a [Erscheinungsort nicht ermittelbar]  |b University of Michigan, Institute for Social Research  |c 2011 
336 |a Text  |b txt  |2 rdacontent 
337 |a Computermedien  |b c  |2 rdamedia 
338 |a Online-Ressource  |b cr  |2 rdacarrier 
700 1 |a Schulenberg, John E.  |d -2023  |e VerfasserIn  |0 (DE-588)1287847633  |0 (DE-627)1844501159  |4 aut 
700 1 |a Bachman, Jerald G.  |d 1936-  |e VerfasserIn  |0 (DE-588)1048395162  |0 (DE-627)780303903  |0 (DE-576)160136520  |4 aut 
700 1 |a O'Malley, Patrick M.  |e VerfasserIn  |4 aut 
787 0 8 |i Forschungsdaten  |a Johnston, Lloyd D.  |t Monitoring the Future: A Continuing Study of American Youth (12th-Grade Survey), 2010  |d [Erscheinungsort nicht ermittelbar] : [Verlag nicht ermittelbar], 2011  |w (DE-627)1840049979 
787 0 8 |i Forschungsdaten  |a Johnston, Lloyd D.  |t Monitoring the Future: A Continuing Study of American Youth (8th- and 10th-Grade Surveys), 2010  |d [Erscheinungsort nicht ermittelbar] : [Verlag nicht ermittelbar], 2011  |w (DE-627)1840049987 
856 4 0 |u http://www.monitoringthefuture.org/pubs/monographs/mtf-vol2_2010.pdf  |q application/pdf  |x Verlag  |z lizenzpflichtig  |3 Volltext  |7 1 
935 |a mkri 
951 |a BO 
ELC |a 1 
LOK |0 000 xxxxxcx a22 zn 4500 
LOK |0 001 4637590787 
LOK |0 003 DE-627 
LOK |0 004 1912625261 
LOK |0 005 20241217044721 
LOK |0 008 241217||||||||||||||||ger||||||| 
LOK |0 035   |a (DE-2619)ICPSR99534 
LOK |0 040   |a DE-2619  |c DE-627  |d DE-2619 
LOK |0 092   |o n 
LOK |0 852   |a DE-2619 
LOK |0 852 1  |9 00 
LOK |0 935   |a nacp 
LOK |0 939   |a 17-12-24  |b l01 
ORI |a SA-MARC-krimdoka001.raw